Typy zmlúv a zmluvných dojednaní : na prípravu a realizáciu investícií podľa obchodného zákonníka

Saved in:
Bibliographic Details
Format: Book
Language:Slovak
Published: Bratislava : UNIKA, 1993
Tags: Add Tag
No Tags, Be the first to tag this record!

MARC

LEADER 00000nam a22000003a 4500
001 stu225966
005 20150408164923.4
008 110526s1993----xo------------------slo-d
040 |a STU  |b slo 
041 0 |a slo 
044 |a xo 
245 |a Typy zmlúv a zmluvných dojednaní :  |b na prípravu a realizáciu investícií podľa obchodného zákonníka 
260 |a Bratislava :  |b UNIKA,  |c 1993 
300 |a 103 s 
996 |b 284V034290  |c V*7303/K-1564  |l VVT  |s A  |a 24  |w stu225966_0001